[Event "Rapid 2018"]
[Site "Saint-Petersburg"]
[Date "2018.12.28"]
[Round "13"]
[Board "95"]
[White "Guimaraes Diogo Duarte (BRA)"]
[Black "Tsoi Dmitry (RUS)"]
[Result "0-1"]
[BlackElo "2381"]
[WhiteElo "2348"]
[LiveChessVersion "1.4.8"]

1. e4 {[%clk 0:13:19]} e5 {[%clk 0:15:19]} 2. Nf3 {[%clk 0:13:22]} d6
{[%clk 0:15:28]} 3. d4 {[%clk 0:13:11]} exd4 {[%clk 0:15:36]} 4. Nxd4
{[%clk 0:13:18]} Nf6 {[%clk 0:15:44]} 5. Nc3 {[%clk 0:13:25]} Be7
{[%clk 0:15:53]} 6. g3 {[%clk 0:12:17]} d5 {[%clk 0:16:01]} 7. exd5
{[%clk 0:10:23]} Nxd5 {[%clk 0:15:52]} 8. Ndb5 {[%clk 0:09:38]} Nxc3
{[%clk 0:15:30]} 9. Qxd8+ {[%clk 0:09:46]} Bxd8 {[%clk 0:15:39]} 10. Nxc3
{[%clk 0:09:52]} O-O {[%clk 0:15:41]} 11. Be3 {[%clk 0:09:55]} c6
{[%clk 0:15:03]} 12. O-O-O {[%clk 0:09:59]} Be6 {[%clk 0:15:05]} 13. Bg2
{[%clk 0:09:30]} Nd7 {[%clk 0:14:52]} 14. Ne4 {[%clk 0:09:37]} Bb6
{[%clk 0:14:46]} 15. Rhe1 {[%clk 0:09:06]} Rfd8 {[%clk 0:11:04]} 16. Ng5
{[%clk 0:09:03]} Nf8 {[%clk 0:10:41]} 17. Bxb6 {[%clk 0:08:49]} axb6
{[%clk 0:10:47]} 18. Nxe6 {[%clk 0:08:43]} Rxd1+ {[%clk 0:08:16]} 19. Rxd1
{[%clk 0:08:52]} Nxe6 {[%clk 0:08:25]} 20. Rd7 {[%clk 0:08:50]} Rb8
{[%clk 0:08:32]} 21. b4 {[%clk 0:08:38]} Kf8 {[%clk 0:08:28]} 22. Bh3
{[%clk 0:08:30]} Ng5 {[%clk 0:08:28]} 23. Bg4 {[%clk 0:08:32]} Ne4
{[%clk 0:08:16]} 24. Rc7 {[%clk 0:07:38]} Ke8 {[%clk 0:04:51]} 25. b5
{[%clk 0:06:04]} cxb5 {[%clk 0:04:33]} 26. Bf3 {[%clk 0:05:58]} Nd6
{[%clk 0:04:20]} 27. Bd5 {[%clk 0:05:35]} b4 {[%clk 0:04:10]} 28. f4
{[%clk 0:05:00]} Kd8 {[%clk 0:04:09]} 29. Rxf7 {[%clk 0:05:09]} Nxf7
{[%clk 0:04:18]} 30. Bxf7 {[%clk 0:05:18]} Ke7 {[%clk 0:04:25]} 31. Bd5
{[%clk 0:05:24]} Kd6 {[%clk 0:04:32]} 32. Be4 {[%clk 0:05:33]} h6
{[%clk 0:04:36]} 33. Kd2 {[%clk 0:04:53]} Ra8 {[%clk 0:04:39]} 34. Bxb7
{[%clk 0:04:58]} Rxa2 {[%clk 0:04:48]} 35. Kd3 {[%clk 0:04:58]} b3
{[%clk 0:04:50]} 36. cxb3 {[%clk 0:05:06]} Rxh2 {[%clk 0:04:58]} 37. Bc8
{[%clk 0:04:53]} Rb2 {[%clk 0:04:56]} 38. Kc3 {[%clk 0:04:58]} Rg2
{[%clk 0:04:52]} 39. g4 {[%clk 0:05:07]} Rf2 {[%clk 0:05:00]} 40. f5
{[%clk 0:04:59]} Rf4 {[%clk 0:05:07]} 0-1

[Event "Rapid 2018"]
[Site "Saint-Petersburg"]
[Date "2018.12.28"]
[Round "13"]
[Board "96"]
[White "Zakhartsov Vladimir (RUS)"]
[Black "Vorotnikov Vladislav V (RUS)"]
[Result "1-0"]
[BlackElo "2267"]
[WhiteElo "2473"]
[LiveChessVersion "1.4.8"]

1. c4 {[%clk 0:15:12]} d6 {[%clk 0:15:14]} 2. Nc3 {[%clk 0:15:18]} e5
{[%clk 0:15:17]} 3. d4 {[%clk 0:15:19]} exd4 {[%clk 0:15:22]} 4. Qxd4
{[%clk 0:15:28]} Nc6 {[%clk 0:15:28]} 5. Qd2 {[%clk 0:15:38]} Nf6
{[%clk 0:15:34]} 6. b3 {[%clk 0:15:43]} a5 {[%clk 0:15:30]} 7. Bb2
{[%clk 0:15:48]} a4 {[%clk 0:15:33]} 8. Nxa4 {[%clk 0:15:09]} d5 {[%clk 0:13:35]}
9. O-O-O {[%clk 0:11:17]} dxc4 {[%clk 0:11:54]} 10. Qxd8+ {[%clk 0:10:41]} Nxd8
{[%clk 0:12:03]} 11. e4 {[%clk 0:10:27]} cxb3 {[%clk 0:11:25]} 12. axb3
{[%clk 0:10:30]} Be6 {[%clk 0:11:10]} 13. Bxf6 {[%clk 0:10:13]} gxf6
{[%clk 0:11:18]} 14. Kc2 {[%clk 0:10:22]} Nc6 {[%clk 0:10:27]} 15. Bb5
{[%clk 0:10:30]} Ra5 {[%clk 0:09:39]} 16. Bxc6+ {[%clk 0:10:36]} bxc6
{[%clk 0:09:49]} 17. Ne2 {[%clk 0:10:23]} Bd6 {[%clk 0:09:06]} 18. Nd4
{[%clk 0:10:17]} Bd7 {[%clk 0:06:54]} 19. Nb2 {[%clk 0:10:17]} Ke7
{[%clk 0:06:21]} 20. Ra1 {[%clk 0:09:36]} Rha8 {[%clk 0:06:26]} 21. Rxa5
{[%clk 0:09:33]} Rxa5 {[%clk 0:06:35]} 22. Rb1 {[%clk 0:09:16]} Be5
{[%clk 0:06:12]} 23. Nf3 {[%clk 0:09:19]} Be6 {[%clk 0:05:43]} 24. Nxe5
{[%clk 0:09:17]} fxe5 {[%clk 0:05:51]} 25. Nd3 {[%clk 0:09:15]} f6
{[%clk 0:05:51]} 26. f3 {[%clk 0:09:05]} Ra2+ {[%clk 0:05:31]} 27. Rb2
{[%clk 0:09:06]} Ra1 {[%clk 0:05:36]} 28. Nc5 {[%clk 0:09:01]} Kd6
{[%clk 0:04:16]} 29. b4 {[%clk 0:08:41]} Ra3 {[%clk 0:03:42]} 30. Kd1
{[%clk 0:08:25]} Ke7 {[%clk 0:03:32]} 31. Ke2 {[%clk 0:08:24]} Bc4+
{[%clk 0:03:10]} 32. Kf2 {[%clk 0:08:30]} Ra1 {[%clk 0:03:03]} 33. Rc2
{[%clk 0:08:14]} Bf7 {[%clk 0:02:57]} 34. Nb7 {[%clk 0:07:38]} Be8
{[%clk 0:02:33]} 35. Na5 {[%clk 0:07:24]} Kd6 {[%clk 0:02:38]} 36. Rb2
{[%clk 0:06:42]} Ke7 {[%clk 0:02:16]} 37. Nb7 {[%clk 0:06:40]} Rc1
{[%clk 0:02:09]} 38. Nc5 {[%clk 0:06:46]} Rc4 {[%clk 0:02:12]} 39. h4
{[%clk 0:06:47]} h6 {[%clk 0:02:12]} 40. Ke3 {[%clk 0:05:57]} Rc3+
{[%clk 0:02:13]} 41. Kd2 {[%clk 0:05:59]} Ra3 {[%clk 0:02:21]} 42. Ke2
{[%clk 0:06:05]} Rc3 {[%clk 0:02:24]} 43. Na6 {[%clk 0:05:57]} Kd8
{[%clk 0:01:37]} 44. Rd2+ {[%clk 0:05:52]} Kc8 {[%clk 0:01:20]} 45. Nc5
{[%clk 0:06:01]} Ra3 {[%clk 0:01:16]} 46. Ne6 {[%clk 0:05:57]} Bd7
{[%clk 0:01:02]} 47. Nf8 {[%clk 0:06:06]} Be8 {[%clk 0:01:07]} 48. Nh7
{[%clk 0:06:14]} Rb3 {[%clk 0:01:04]} 49. Nxf6 {[%clk 0:06:20]} Bf7
{[%clk 0:01:10]} 50. Ng4 {[%clk 0:06:25]} Rxb4 {[%clk 0:01:11]} 51. Nxe5
{[%clk 0:06:24]} Be8 {[%clk 0:01:17]} 52. Rc2 {[%clk 0:06:21]} Kb7
{[%clk 0:01:19]} 53. Nd3 {[%clk 0:06:28]} Rb5 {[%clk 0:01:23]} 54. g4
{[%clk 0:06:23]} Kb6 {[%clk 0:01:25]} 55. f4 {[%clk 0:06:02]} c5 {[%clk 0:01:33]}
56. f5 {[%clk 0:05:54]} Bf7 {[%clk 0:01:15]} 57. Ne5 {[%clk 0:05:47]} Bb3
{[%clk 0:01:22]} 58. Rc3 {[%clk 0:05:45]} c4 {[%clk 0:00:42]} 59. Nxc4+
{[%clk 0:05:47]} 1-0

[Event "Rapid 2018"]
[Site "Saint-Petersburg"]
[Date "2018.12.28"]
[Round "13"]
[Board "97"]
[White "Dubrovin Robert (EST)"]
[Black "Apryshko Gleb (RUS)"]
[Result "0-1"]
[BlackElo "2420"]
[WhiteElo "2315"]
[LiveChessVersion "1.4.8"]

1. d4 {[%clk 0:15:18]} g6 {[%clk 0:15:15]} 2. c4 {[%clk 0:15:25]} Bg7
{[%clk 0:15:23]} 3. Nc3 {[%clk 0:15:25]} c5 {[%clk 0:15:31]} 4. d5
{[%clk 0:15:28]} Bxc3+ {[%clk 0:15:31]} 5. bxc3 {[%clk 0:15:37]} f5
{[%clk 0:15:34]} 6. g3 {[%clk 0:15:27]} Qa5 {[%clk 0:14:43]} 7. Qb3
{[%clk 0:14:54]} Nf6 {[%clk 0:14:35]} 8. Nh3 {[%clk 0:14:31]} d6 {[%clk 0:14:19]}
9. Bg2 {[%clk 0:14:32]} Nbd7 {[%clk 0:14:26]} 10. O-O {[%clk 0:13:26]} Nb6
{[%clk 0:14:34]} 11. a4 {[%clk 0:13:06]} Qa6 {[%clk 0:14:07]} 12. Nf4
{[%clk 0:09:15]} Nxc4 {[%clk 0:11:35]} 13. Rd1 {[%clk 0:07:37]} Na5
{[%clk 0:11:25]} 14. Qc2 {[%clk 0:07:25]} Qc4 {[%clk 0:11:24]} 15. Ra3
{[%clk 0:06:13]} Qa6 {[%clk 0:11:08]} 16. h4 {[%clk 0:05:33]} Bd7
{[%clk 0:11:02]} 17. Bf1 {[%clk 0:04:55]} Nc4 {[%clk 0:07:25]} 18. Ra2
{[%clk 0:05:03]} Ne5 {[%clk 0:07:34]} 19. e4 {[%clk 0:04:09]} c4 {[%clk 0:07:34]}
20. Ne6 {[%clk 0:03:25]} Bxe6 {[%clk 0:07:33]} 21. dxe6 {[%clk 0:03:34]} fxe4
{[%clk 0:07:37]} 22. Bg5 {[%clk 0:03:20]} Nd3 {[%clk 0:07:42]} 23. Qe2
{[%clk 0:03:16]} d5 {[%clk 0:07:51]} 24. Bh3 {[%clk 0:03:20]} Rf8
{[%clk 0:06:51]} 25. Bh6 {[%clk 0:03:20]} O-O-O {[%clk 0:06:59]} 26. Bxf8
{[%clk 0:03:19]} Rxf8 {[%clk 0:07:08]} 27. Qe3 {[%clk 0:03:25]} Kb8
{[%clk 0:05:53]} 28. Rb1 {[%clk 0:03:25]} Rc8 {[%clk 0:05:33]} 29. Qd4
{[%clk 0:03:25]} Rc5 {[%clk 0:05:02]} 30. Bf1 {[%clk 0:02:11]} Ra5
{[%clk 0:05:00]} 31. Bxd3 {[%clk 0:01:50]} cxd3 {[%clk 0:05:08]} 32. Rb4
{[%clk 0:01:53]} Qxe6 {[%clk 0:04:13]} 33. Rab2 {[%clk 0:01:58]} Qd6
{[%clk 0:01:54]} 34. Rxb7+ {[%clk 0:02:04]} Kc8 {[%clk 0:02:03]} 35. Rxa7
{[%clk 0:01:19]} e5 {[%clk 0:02:03]} 36. Qe3 {[%clk 0:01:03]} d4 {[%clk 0:01:52]}
37. cxd4 {[%clk 0:01:13]} Rxa7 {[%clk 0:02:01]} 38. dxe5 Qxe5 39. Rb5
{[%clk 0:00:38]} Qe7 {[%clk 0:01:54]} 40. Qb6 {[%clk 0:00:34]} Rc7
{[%clk 0:02:03]} 41. Rb2 {[%clk 0:00:13]} Qe5 {[%clk 0:01:42]} 42. a5
{[%clk 0:00:16]} e3 {[%clk 0:01:43]} 43. a6 {[%clk 0:00:13]} Qxb2
{[%clk 0:00:45]} 44. Qxb2 d2 45. a7 {[%clk 0:00:12]} d1=Q+ {[%clk 0:00:59]} 46.
Kg2 {[%clk 0:00:21]} Qd5+ {[%clk 0:00:57]} 47. Kh2 {[%clk 0:00:30]} Ng4+
{[%clk 0:01:03]} 48. Kh3 {[%clk 0:00:39]} Nxf2+ {[%clk 0:01:07]} 49. Kh2
{[%clk 0:00:48]} Qh1# {[%clk 0:01:15]} 0-1

[Event "Rapid 2018"]
[Site "Saint-Petersburg"]
[Date "2018.12.28"]
[Round "13"]
[Board "98"]
[White "Perdomo Carlos Andres (COL)"]
[Black "Khayat Abdullah F (KSA)"]
[Result "1-0"]
[BlackElo "1819"]
[WhiteElo "2301"]
[LiveChessVersion "1.4.8"]

1. c4 {[%clk 0:15:17]} e5 {[%clk 0:14:06]} 2. Nc3 {[%clk 0:15:24]} d6
{[%clk 0:14:06]} 3. g3 {[%clk 0:15:23]} Be7 {[%clk 0:14:12]} 4. Bg2
{[%clk 0:15:31]} Nf6 {[%clk 0:14:18]} 5. e3 {[%clk 0:15:35]} c6 {[%clk 0:14:21]}
6. d4 {[%clk 0:15:37]} O-O {[%clk 0:14:19]} 7. Nge2 {[%clk 0:15:46]} Bf5
{[%clk 0:14:10]} 8. O-O {[%clk 0:15:24]} h6 {[%clk 0:14:12]} 9. e4
{[%clk 0:15:05]} Bh7 {[%clk 0:14:13]} 10. f4 {[%clk 0:14:50]} exf4
{[%clk 0:14:02]} 11. gxf4 {[%clk 0:14:19]} Nbd7 {[%clk 0:13:36]} 12. Ng3
{[%clk 0:14:12]} Qb6 {[%clk 0:13:01]} 13. Kh1 {[%clk 0:13:38]} a5
{[%clk 0:12:45]} 14. e5 {[%clk 0:13:36]} Ne8 {[%clk 0:12:11]} 15. exd6
{[%clk 0:13:38]} Bh4 {[%clk 0:11:37]} 16. c5 {[%clk 0:13:35]} Qd8
{[%clk 0:11:20]} 17. Qg4 {[%clk 0:13:26]} Bxg3 {[%clk 0:11:06]} 18. Qxg3
{[%clk 0:13:15]} f5 {[%clk 0:11:10]} 19. Be3 {[%clk 0:12:51]} Nef6
{[%clk 0:10:57]} 20. d5 {[%clk 0:12:38]} cxd5 {[%clk 0:10:50]} 21. Nxd5
{[%clk 0:12:46]} Nxd5 {[%clk 0:10:39]} 22. Bxd5+ {[%clk 0:12:54]} Kh8
{[%clk 0:10:48]} 23. Rg1 {[%clk 0:11:47]} Qf6 {[%clk 0:10:40]} 24. Rad1
{[%clk 0:11:54]} Bg8 {[%clk 0:10:25]} 25. Bxb7 {[%clk 0:11:01]} Rab8
{[%clk 0:08:22]} 26. Bd4 {[%clk 0:10:38]} Qf7 {[%clk 0:03:37]} 27. Qxg7+
{[%clk 0:09:05]} Qxg7 {[%clk 0:03:44]} 28. Bxg7+ {[%clk 0:09:11]} Kh7
{[%clk 0:03:53]} 29. c6 {[%clk 0:08:33]} Nc5 {[%clk 0:03:47]} 30. Be5
{[%clk 0:07:25]} Rf7 {[%clk 0:03:14]} 31. c7 {[%clk 0:07:18]} Re8
{[%clk 0:02:49]} 32. c8=Q {[%clk 0:07:14]} Rxc8 {[%clk 0:02:53]} 33. Bxc8
{[%clk 0:07:22]} Ne4 {[%clk 0:02:56]} 34. d7 {[%clk 0:06:43]} 1-0

[Event "Rapid 2018"]
[Site "Saint-Petersburg"]
[Date "2018.12.28"]
[Round "13"]
[Board "99"]
[White "Mamatov Melis (KGZ)"]
[Black "Alsulaymi Abdullah M (KSA)"]
[Result "1-0"]
[BlackElo "1682"]
[WhiteElo "2234"]
[LiveChessVersion "1.4.8"]

1. e4 {[%clk 0:15:10]} e5 {[%clk 0:15:10]} 2. Nf3 {[%clk 0:15:10]} Nf6
{[%clk 0:15:10]} 3. Nc3 {[%clk 0:15:09]} Nc6 {[%clk 0:15:38]} 4. d3
{[%clk 0:15:09]} d6 {[%clk 0:15:32]} 5. Be3 {[%clk 0:14:58]} Be7 {[%clk 0:15:36]}
6. Be2 {[%clk 0:14:51]} O-O {[%clk 0:15:37]} 7. d4 {[%clk 0:14:44]} Ng4
{[%clk 0:15:01]} 8. Nd5 {[%clk 0:14:07]} Nxe3 {[%clk 0:15:00]} 9. fxe3
{[%clk 0:13:59]} f5 {[%clk 0:14:20]} 10. Bd3 {[%clk 0:13:08]} exd4
{[%clk 0:14:01]} 11. exd4 {[%clk 0:12:56]} Be6 {[%clk 0:13:46]} 12. Nf4
{[%clk 0:10:44]} Bd7 {[%clk 0:12:32]} 13. exf5 {[%clk 0:10:02]} Bxf5
{[%clk 0:12:28]} 14. Bxf5 {[%clk 0:09:59]} Rxf5 {[%clk 0:12:32]} 15. Ne6
{[%clk 0:10:04]} Qd7 {[%clk 0:12:17]} 16. d5 {[%clk 0:06:12]} Nb4
{[%clk 0:09:16]} 17. c4 {[%clk 0:06:00]} c6 {[%clk 0:09:04]} 18. Ned4
{[%clk 0:05:37]} Rh5 {[%clk 0:05:34]} 19. Qd2 {[%clk 0:04:56]} Na6
{[%clk 0:04:38]} 20. dxc6 {[%clk 0:04:47]} bxc6 {[%clk 0:04:40]} 21. O-O
{[%clk 0:04:56]} d5 {[%clk 0:03:55]} 22. Qe2 {[%clk 0:03:19]} Nc7
{[%clk 0:01:54]} 23. Ne5 {[%clk 0:03:18]} Qe8 {[%clk 0:01:39]} 24. Nexc6
{[%clk 0:01:04]} Bd6 {[%clk 0:01:34]} 25. Qxe8+ {[%clk 0:00:38]} Rxe8
{[%clk 0:01:41]} 26. Nf3 {[%clk 0:00:37]} dxc4 {[%clk 0:01:39]} 27. Rac1
{[%clk 0:00:36]} Nd5 {[%clk 0:01:41]} 28. Rfe1 {[%clk 0:00:30]} Rxe1+
{[%clk 0:00:59]} 29. Rxe1 {[%clk 0:00:40]} Bc5+ {[%clk 0:00:51]} 30. Kh1
{[%clk 0:00:49]} Ne3 {[%clk 0:00:54]} 31. Nce5 {[%clk 0:00:41]} g5
{[%clk 0:00:38]} 32. Nd7 {[%clk 0:00:41]} g4 {[%clk 0:00:14]} 33. Nf6+
{[%clk 0:00:50]} Kf7 {[%clk 0:00:20]} 34. Nxh5 {[%clk 0:00:58]} gxf3
{[%clk 0:00:29]} 35. gxf3 {[%clk 0:01:08]} Nd5 {[%clk 0:00:30]} 36. Re5
{[%clk 0:01:11]} 1-0

[Event "Rapid 2018"]
[Site "Saint-Petersburg"]
[Date "2018.12.28"]
[Round "13"]
[Board "100"]
[White "Ahmed Hassan Abdillahi (DJI)"]
[Black "Al Turky Fahad A (KSA)"]
[Result "1-0"]
[BlackElo "1815"]
[WhiteElo "1570"]
[LiveChessVersion "1.4.8"]

1. d4 {[%clk 0:15:17]} d5 {[%clk 0:15:17]} 2. c4 {[%clk 0:15:25]} c6
{[%clk 0:15:25]} 3. Nf3 {[%clk 0:15:32]} Nf6 {[%clk 0:15:34]} 4. Bg5
{[%clk 0:15:33]} e6 {[%clk 0:15:27]} 5. a3 {[%clk 0:15:40]} Bd6 {[%clk 0:15:25]}
6. Nc3 {[%clk 0:15:48]} Nbd7 {[%clk 0:14:46]} 7. e4 {[%clk 0:15:54]} dxe4
{[%clk 0:14:49]} 8. Nxe4 {[%clk 0:16:00]} Be7 {[%clk 0:14:58]} 9. Bxf6
{[%clk 0:15:18]} Nxf6 {[%clk 0:15:00]} 10. Bd3 {[%clk 0:15:13]} O-O
{[%clk 0:14:24]} 11. O-O {[%clk 0:15:20]} Qb6 {[%clk 0:12:29]} 12. Nfg5
{[%clk 0:15:09]} h6 {[%clk 0:08:02]} 13. Nxf6+ {[%clk 0:13:53]} Bxf6
{[%clk 0:08:09]} 14. Nh7 {[%clk 0:13:47]} Qxd4 {[%clk 0:06:03]} 15. Nxf8
{[%clk 0:13:37]} Kxf8 {[%clk 0:06:12]} 16. Qf3 {[%clk 0:13:30]} e5
{[%clk 0:05:18]} 17. Rab1 Be6 {[%clk 0:04:55]} 18. b3 {[%clk 0:12:47]} Be7
{[%clk 0:04:21]} 19. a4 {[%clk 0:12:21]} Rd8 {[%clk 0:02:58]} 20. Bf5
{[%clk 0:12:22]} Bxf5 {[%clk 0:02:35]} 21. Qxf5 {[%clk 0:12:16]} Kg8
{[%clk 0:02:15]} 22. Qh5 {[%clk 0:11:58]} Qf4 {[%clk 0:00:43]} 23. Rbd1
{[%clk 0:11:59]} Rd4 {[%clk 0:00:41]} 24. Rfe1 {[%clk 0:11:18]} Bc5
{[%clk 0:00:39]} 25. g3 {[%clk 0:10:40]} Qf6 {[%clk 0:00:36]} 26. Rxd4
{[%clk 0:10:11]} Bxd4 {[%clk 0:00:42]} 27. Qe2 {[%clk 0:10:17]} Qf5
{[%clk 0:00:43]} 28. Kg2 {[%clk 0:10:14]} f6 {[%clk 0:00:45]} 29. Qf3
{[%clk 0:09:58]} Qc2 {[%clk 0:00:48]} 30. Re2 {[%clk 0:09:59]} Qd1
{[%clk 0:00:49]} 31. a5 {[%clk 0:09:49]} a6 {[%clk 0:00:56]} 32. Re4
{[%clk 0:09:36]} Qb1 {[%clk 0:01:01]} 33. Rg4 {[%clk 0:09:35]} Kf7
{[%clk 0:00:54]} 34. Qe4 {[%clk 0:09:33]} Qb2 {[%clk 0:00:44]} 35. Qg6+
{[%clk 0:09:31]} Ke6 {[%clk 0:00:46]} 36. Rxd4 {[%clk 0:09:23]} exd4
{[%clk 0:00:36]} 37. Qxg7 {[%clk 0:09:30]} d3 {[%clk 0:00:16]} 38. Qg4+
{[%clk 0:09:21]} Kd6 {[%clk 0:00:14]} 39. Qf4+ {[%clk 0:08:45]} Kc5
{[%clk 0:00:15]} 40. Qf5+ {[%clk 0:08:50]} Kb4 {[%clk 0:00:13]} 41. Qxd3
{[%clk 0:08:55]} Qxb3 {[%clk 0:00:22]} 42. Qd6+ {[%clk 0:08:42]} Kxc4
{[%clk 0:00:26]} 43. Qxf6 {[%clk 0:08:46]} Qc3 {[%clk 0:00:19]} 44. Qf7+
{[%clk 0:08:47]} Kd5 {[%clk 0:00:13]} 45. Qh5+ {[%clk 0:08:36]} Kc4
{[%clk 0:00:15]} 46. f4 {[%clk 0:08:35]} Qf6 {[%clk 0:00:14]} 47. Qe2+
{[%clk 0:08:26]} Kd5 {[%clk 0:00:16]} 48. Qd3+ {[%clk 0:08:29]} Qd4
{[%clk 0:00:18]} 49. Qxd4+ {[%clk 0:08:34]} Kxd4 {[%clk 0:00:28]} 50. Kf3
{[%clk 0:08:40]} c5 {[%clk 0:00:22]} 51. f5 {[%clk 0:08:48]} Ke5 {[%clk 0:00:29]}
52. g4 {[%clk 0:08:57]} h5 {[%clk 0:00:33]} 53. h3 {[%clk 0:09:05]} Kd5
{[%clk 0:00:18]} 54. Ke3 {[%clk 0:09:10]} c4 {[%clk 0:00:23]} 55. g5
{[%clk 0:09:16]} Ke5 {[%clk 0:00:32]} 56. f6 {[%clk 0:09:22]} Ke6
{[%clk 0:00:38]} 1-0

[Event "Rapid 2018"]
[Site "Saint-Petersburg"]
[Date "2018.12.28"]
[Round "14"]
[Board "6"]
[White "Ponkratov Pavel (RUS)"]
[Black "Karjakin Sergey (RUS)"]
[Result "1/2-1/2"]
[LiveChessVersion "1.4.8"]
[BlackElo "2774"]
[WhiteElo "2650"]

1. d4 {[%clk 0:15:18]} Nf6 {[%clk 0:15:18]} 2. c4 {[%clk 0:15:26]} e6
{[%clk 0:15:27]} 3. Nf3 {[%clk 0:15:35]} d5 {[%clk 0:15:36]} 4. g3
{[%clk 0:15:43]} Bb4+ {[%clk 0:15:43]} 5. Nc3 {[%clk 0:15:43]} O-O
{[%clk 0:15:37]} 6. a3 {[%clk 0:15:52]} Be7 {[%clk 0:15:26]} 7. Ne5
{[%clk 0:13:42]} c5 {[%clk 0:12:29]} 8. cxd5 {[%clk 0:13:42]} Nxd5
{[%clk 0:12:21]} 9. Bg2 {[%clk 0:12:46]} cxd4 {[%clk 0:12:22]} 10. Nxd5
{[%clk 0:12:45]} exd5 {[%clk 0:12:31]} 11. O-O {[%clk 0:12:22]} Bf6
{[%clk 0:12:27]} 12. Nd3 {[%clk 0:12:30]} Nc6 {[%clk 0:11:56]} 13. Qb3
{[%clk 0:12:16]} 1/2-1/2

[Event "Rapid 2018"]
[Site "Saint-Petersburg"]
[Date "2018.12.28"]
[Round "14"]
[Board "13"]
[White "Zubov Alexander (UKR)"]
[Black "Nepomniachtchi Ian (RUS)"]
[Result "1/2-1/2"]
[LiveChessVersion "1.4.8"]
[BlackElo "2771"]
[WhiteElo "2681"]

1. d4 {[%clk 0:15:18]} g6 {[%clk 0:15:19]} 2. e4 {[%clk 0:15:24]} d6
{[%clk 0:15:29]} 3. Nf3 {[%clk 0:15:31]} Nf6 {[%clk 0:15:38]} 4. Bd3
{[%clk 0:15:39]} Bg7 {[%clk 0:15:47]} 5. O-O {[%clk 0:15:46]} O-O
{[%clk 0:15:56]} 6. Re1 {[%clk 0:15:52]} c6 {[%clk 0:16:05]} 7. h3 Qc7 8. Nbd2
{[%clk 0:14:37]} e5 {[%clk 0:16:20]} 9. c3 {[%clk 0:14:45]} Nbd7 {[%clk 0:16:20]}
10. Nf1 {[%clk 0:14:49]} Nh5 {[%clk 0:16:29]} 11. Be3 {[%clk 0:14:48]} Re8
{[%clk 0:16:29]} 12. Qd2 {[%clk 0:13:13]} Nf8 {[%clk 0:16:36]} 13. Rad1
{[%clk 0:12:33]} b5 {[%clk 0:16:42]} 14. c4 {[%clk 0:11:51]} a6 {[%clk 0:16:31]}
15. Rc1 {[%clk 0:11:34]} Qb7 {[%clk 0:16:29]} 16. d5 {[%clk 0:11:13]} Bd7
{[%clk 0:16:11]} 17. b3 {[%clk 0:11:02]} c5 {[%clk 0:16:15]} 18. g4
{[%clk 0:11:00]} Nf6 {[%clk 0:16:10]} 19. Ng3 {[%clk 0:11:08]} bxc4
{[%clk 0:15:57]} 20. bxc4 {[%clk 0:11:13]} Reb8 {[%clk 0:16:06]} 21. Rb1
{[%clk 0:09:57]} Qc8 {[%clk 0:16:14]} 22. Bg5 {[%clk 0:09:29]} a5
{[%clk 0:15:52]} 23. Rxb8 {[%clk 0:09:29]} Rxb8 {[%clk 0:15:49]} 24. Qxa5
{[%clk 0:09:20]} Ra8 {[%clk 0:15:57]} 25. Qd2 {[%clk 0:08:48]} Ra3
{[%clk 0:16:01]} 26. Rb1 {[%clk 0:08:20]} Qa6 {[%clk 0:15:54]} 27. Rb2
{[%clk 0:08:28]} Bc8 {[%clk 0:15:05]} 28. Kg2 {[%clk 0:08:32]} N8d7
{[%clk 0:15:05]} 29. Nf1 {[%clk 0:08:07]} Nb6 {[%clk 0:15:09]} 30. Ne3
{[%clk 0:08:12]} h5 {[%clk 0:15:12]} 31. Nh2 {[%clk 0:07:35]} hxg4
{[%clk 0:14:47]} 32. hxg4 {[%clk 0:07:43]} Nbd7 {[%clk 0:14:17]} 33. Bh4
{[%clk 0:07:25]} Bh6 {[%clk 0:14:12]} 34. Qe2 {[%clk 0:06:45]} Bf4
{[%clk 0:13:59]} 35. Nhf1 {[%clk 0:05:37]} Nh7 {[%clk 0:12:16]} 36. f3
{[%clk 0:05:26]} Ng5 {[%clk 0:12:17]} 37. Bb1 {[%clk 0:04:11]} Kg7
{[%clk 0:11:01]} 38. Be1 {[%clk 0:03:58]} Nb6 {[%clk 0:10:49]} 39. Rb3
{[%clk 0:03:59]} Ra4 {[%clk 0:10:53]} 40. Rc3 {[%clk 0:03:32]} Bd7
{[%clk 0:10:29]} 41. Bg3 {[%clk 0:03:03]} Bxg3 {[%clk 0:08:58]} 42. Kxg3
{[%clk 0:03:06]} Bc8 {[%clk 0:08:59]} 43. Nd2 {[%clk 0:02:35]} Qa7
{[%clk 0:08:34]} 44. Rb3 {[%clk 0:02:07]} Ba6 {[%clk 0:07:55]} 45. a3
{[%clk 0:01:59]} Bc8 {[%clk 0:07:52]} 46. Qd3 {[%clk 0:02:07]} Bd7
{[%clk 0:07:36]} 47. Bc2 {[%clk 0:02:00]} Ra6 {[%clk 0:07:44]} 48. Bd1
{[%clk 0:02:04]} Qa8 {[%clk 0:07:52]} 49. Qe2 {[%clk 0:01:44]} Qd8
{[%clk 0:07:52]} 50. Qh2 {[%clk 0:01:42]} Qf6 {[%clk 0:07:49]} 51. Kg2
{[%clk 0:01:29]} Ba4 {[%clk 0:07:53]} 52. Rxb6 {[%clk 0:00:52]} Rxb6
{[%clk 0:07:55]} 53. Bxa4 {[%clk 0:01:00]} Rb2 {[%clk 0:07:50]} 54. Bc2
{[%clk 0:01:09]} Qf4 {[%clk 0:07:35]} 55. Qg1 {[%clk 0:01:18]} Ra2
{[%clk 0:07:44]} 56. Qf2 {[%clk 0:01:04]} Rxa3 {[%clk 0:07:53]} 57. Nef1
{[%clk 0:00:53]} Ra8 {[%clk 0:07:26]} 58. Qe3 {[%clk 0:00:51]} Qf6
{[%clk 0:07:35]} 59. Qf2 {[%clk 0:00:26]} Rh8 {[%clk 0:07:08]} 60. Qg3
{[%clk 0:00:35]} Kg8 {[%clk 0:06:21]} 61. Bd3 {[%clk 0:00:40]} Rh7
{[%clk 0:06:21]} 62. Nh2 {[%clk 0:00:33]} Qh8 {[%clk 0:06:24]} 63. f4
{[%clk 0:00:25]} exf4 {[%clk 0:05:02]} 64. Qxf4 {[%clk 0:00:34]} Nh3
{[%clk 0:05:10]} 65. Qe3 {[%clk 0:00:21]} Nf2 {[%clk 0:05:09]} 66. Ndf3
{[%clk 0:00:24]} Rxh2+ {[%clk 0:03:30]} 67. Nxh2 {[%clk 0:00:33]} Qxh2+
{[%clk 0:03:39]} 68. Kxh2 {[%clk 0:00:42]} Nxg4+ {[%clk 0:03:47]} 69. Kg3
{[%clk 0:00:50]} Nxe3 {[%clk 0:03:56]} 70. Kf4 {[%clk 0:00:47]} Ng2+
{[%clk 0:04:02]} 71. Kg3 {[%clk 0:00:56]} Ne3 {[%clk 0:03:46]} 72. Kf4
{[%clk 0:00:55]} Nd1 {[%clk 0:02:41]} 73. e5 {[%clk 0:00:56]} Nb2
{[%clk 0:02:49]} 74. Be2 {[%clk 0:00:50]} Kf8 {[%clk 0:02:56]} 75. exd6
{[%clk 0:00:30]} f6 {[%clk 0:03:04]} 76. Ke3 {[%clk 0:00:27]} Ke8
{[%clk 0:03:13]} 77. Bd3 {[%clk 0:00:25]} Kd7 {[%clk 0:02:43]} 78. Bxg6
{[%clk 0:00:33]} Nxc4+ {[%clk 0:02:52]} 79. Kf4 {[%clk 0:00:29]} Nxd6
{[%clk 0:02:57]} 80. Bc2 {[%clk 0:00:31]} Kc7 {[%clk 0:02:59]} 81. Kg4
{[%clk 0:00:35]} Nb5 {[%clk 0:02:48]} 82. Bb3 {[%clk 0:00:36]} Kd6
{[%clk 0:02:53]} 83. Kf4 {[%clk 0:00:44]} Ke7 {[%clk 0:01:51]} 84. Ba2
{[%clk 0:00:36]} Nd6 {[%clk 0:01:55]} 85. Bb1 {[%clk 0:00:42]} Kd8
{[%clk 0:01:59]} 86. Bc2 {[%clk 0:00:45]} Kc7 {[%clk 0:02:04]} 87. Kg4
{[%clk 0:00:54]} Kb6 {[%clk 0:02:05]} 88. Kh5 {[%clk 0:00:58]} c4
{[%clk 0:02:03]} 89. Kg6 {[%clk 0:01:05]} f5 {[%clk 0:02:12]} 90. Kf6
{[%clk 0:00:59]} Kc5 {[%clk 0:02:20]} 91. Ke5 {[%clk 0:01:07]} c3
{[%clk 0:02:29]} 92. Bd3 {[%clk 0:01:07]} Nc4+ {[%clk 0:01:29]} 93. Kxf5
{[%clk 0:01:05]} Kxd5 {[%clk 0:01:38]} 94. Kf4 {[%clk 0:01:07]} Kd4
{[%clk 0:01:47]} 95. Bc2 {[%clk 0:01:04]} Ne5 {[%clk 0:01:55]} 96. Bb1
{[%clk 0:01:09]} Nc4 {[%clk 0:02:04]} 97. Bc2 {[%clk 0:01:14]} Ne3
{[%clk 0:02:05]} 98. Bb1 {[%clk 0:01:19]} Nf1 {[%clk 0:02:10]} 99. Bc2
{[%clk 0:01:25]} Nd2 {[%clk 0:02:19]} 100. Bh7 {[%clk 0:01:29]} Kc4
{[%clk 0:02:28]} 101. Bc2 {[%clk 0:01:16]} Kd4 {[%clk 0:02:31]} 102. Bh7
{[%clk 0:01:22]} Nb3 {[%clk 0:02:34]} 103. Kf3 {[%clk 0:01:24]} Nc1
{[%clk 0:02:41]} 104. Bc2 {[%clk 0:01:28]} 1/2-1/2